Normal view
MARC view
- ATHIRA SASIDHARAN
Entry Personal Name
001 - CONTROL NUMBER
- control field: 2546
003 - CONTROL NUMBER IDENTIFIER
- control field: OSt
005 - DATE AND TIME OF LATEST TRANSACTION
- control field: 20180118123052.0
008 - FIXED-LENGTH DATA ELEMENTS
- fixed length control field: 180118|| aca||aabn | a|a d
040 ## - CATALOGING SOURCE
- Original cataloging agency: OSt
- Transcribing agency: OSt
100 ## - HEADING--PERSONAL NAME
- Personal name: ATHIRA SASIDHARAN
670 ## - SOURCE DATA FOUND
- Source citation: Work cat.: (OSt): ATHIRA SASIDHARAN ROOSHI M. K, Development of microencapsulated whey melon juice
